Statistiques concernant 50 plus grands pays du monde

Cliquez ici pour prendre le quiz!

Statistiques générales

  • Ce quiz a été pris 1 206 fois
  • Le résultat moyen est 29 sur 50

Statistiques - réponses

PaysSuperficie (km2)% Correct
1Russie17 125 191 km2
100%
4Chine9 600 000 km2
97%
3Etats-Unis9 629 091 km2
96%
2Canada9 984 670 km2
95%
5Brésil8 515 767 km2
94%
10Algérie2 381 741 km2
90%
41France672 051 km2
90%
7Inde3 287 263 km2
88%
8Argentine2 780 400 km2
87%
6Australie7 692 060 km2
87%
14Mexique1 964 375 km2
81%
25Afrique du Sud1 221 037 km2
80%
11République démocratique du Congo2 345 409 km2
77%
30Egypte1 002 450 km2
72%
13Arabie saoudite2 149 680 km2
70%
19Mongolie1 564 100 km2
70%
46Ukraine603 500 km2
67%
38Chili756 102 km2
66%
9Kazakhstan2 724 910 km2
64%
37Turquie783 562 km2
63%
26Colombie1 141 748 km2
61%
15Indonésie1 910 931 km2
61%
18Iran1 648 195 km2
59%
22Niger1 267 000 km2
58%
24Mali1 241 238 km2
56%
36Pakistan796 095 km2
56%
16Soudan1 861 484 km2
56%
17Libye1 759 540 km2
53%
20Pérou1 285 216 km2
53%
32Nigeria923 768 km2
50%
21Tchad1 284 000 km2
46%
12Danemark2 210 573 km2
45%
42Afghanistan652 090 km2
44%
33Venezuela912 050 km2
44%
29Mauritanie1 025 520 km2
43%
23Angola1 246 700 km2
41%
27Ethiopie1 104 300 km2
41%
28Bolivie1 098 581 km2
40%
34Namibie824 268 km2
37%
31Tanzanie945 087 km2
37%
49Kenya580 367 km2
32%
35Mozambique801 590 km2
32%
44Somalie637 657 km2
31%
47Madagascar587 041 km2
30%
43Soudan du Sud644 329 km2
28%
39Zambie752 612 km2
23%
40Birmanie676 578 km2
21%
48Botswana582 000 km2
21%
45République centrafricaine622 984 km2
21%
50Yémen527 968 km2
17%

Distribution des résultats

Percentile par nombre de réponses

% des personnes avec chaque résultat

Votre développement - résultats

Vous n’avez pas pris ce quiz